000 01373cam9a220033701 4500
001 lce01000811
008 741216s1973 mbca 000 0 eng d
010 _acn 75000253
015 _aC75-253-0
020 _bpa. :
_c
_4.95
035 _a(Sirsi) r30132
035 _a(DLC)cn 75000253
035 _a(UPRA)lce01000811
037 _bBook Society of Canada Ltd., 4386 Sheppard Ave., Agincourt, Ont. M1S 3B6
040 _aCaOONL
_beng
_cCaOONL
043 _an-cn---
055 0 2 _aE78*
082 _a301.45/19/7071
100 1 _aSealey, D. Bruce.
_6A94628.1
245 1 0 _aIndians without tipis :
_ba resource book by Indians and Metis /
_cedited by D. Bruce Sealey and Verna J. Kirkness for Project Canada West.
260 _aWinnipeg :
_bW. Clare (Manitoba),
_cc1973.
500 _aCover title in Cree.
650 0 _aIndians of North America -- Canada.
_zIndians of North America -- Canada.
_6S37940.1
650 0 _aMetis -- Canada.
_zMetis -- Canada.
_6S67983.1
650 6 _aIndiens -- Amerique du Nord -- Canada.
_zIndiens -- Amerique du Nord -- Canada.
_zIndiens -- Amerique du Nord -- Canada.
_6S67984.1
650 6 _aMetis -- Canada.
_zMetis -- Canada.
_6S67983.1
700 1 _aKirkness, Verna J., 1935-
_dKirkness, Verna J., 1935-
_6A94629.1
710 2 _aProject Canada West.
_6A94630.1
949 _aE78
_wlcc
_i-33838
_mMAIN
_tBOOK
_lON-SHELF
004 30132
999 _c199940
_d199941